03393 a2200385 4500003000500000005001700005020002200022020002200044035002300066035002100089040000900110082002100119100001900140245020400159260004700363300003100410500005200441505012500493505060400618505058401222520060501806650003802411650004802449650003102497650003402528650001702562650004302579650002602622650003502648651016402683655002202847942001202869999001902881952010702900Nust20170207154052.0 a978-0-470-47374-0 a978-0-470-47374-0 a(AU-PeEL)EBL427871 a(OCoLC)476271196 cNust00a332.6a332.609731 aMatthew Tuttle10aHow Harvard and Yale Beat the Market : What Individual Investors Can Learn From the Investment Strategies of the Most Successful University Endowments.(E-Book)h[Elektronisk resurs] :cMatthew Tuttle aHoboken :bJohn Wiley & Sons, Inc.,c2009. a1 online resource (291 p.) aDescription based upon print version of record.0 aChapter 20: Putting It All TogetherChapter 21: Putting It in Writing; Final Thoughts; Appendix; About the Author; Index;0 aChapter 7: Mutual Funds, Separately Managed Accounts, Exchange-Traded Funds, and Exchange-Traded NotesChapter 8: Structured Products; Chapter 9: Hedge Funds and Funds of Funds; Part III: ENDOWMENT ASSET CLASSES AND INVESTING STRATEGIES; Chapter 10: Absolute Return; Chapter 11: Stocks; Chapter 12: Bonds; Chapter 13: Real Assets and Commodities; Chapter 14: Managed Futures; Chapter 15: Private Equity; Chapter 16: Managing Some of Your Money In-House; Chapter 17: Portable Alpha; Part IV: DESIGNING YOUR PORTFOLIO; Chapter 18: Suggested Allocations; Chapter 19: Choosing and Managing Money Managers0 aHow Harvard and Yale Beat the Market: What Individual Investors Can Learn from University Endowments to Help them Prosper in an Uncertain Market; Contents; Acknowledgments; Introduction; Part I: INVESTMENT 101; Chapter 1: The Current Environment and the Need for New Thinking; Chapter 2: Common Investment Mistakes; Chapter 3: Diversification; Chapter 4: Skill-Based Money Managers versus Style Box-Based Money Managers; Chapter 5: Introduction to the Endowment Philosophy; Chapter 6: Why Large Endowments Outperform the Market and How You Can, Too!; Part II: INVESTMENT VEHICLES a Praise for How Harvard and Yale Beat the Market "How Harvard and Yale Beat the Market is a must-read for anyone managing his own or other people's money. It demystifies new investments such as hedge funds and principal-protected products. This engaging handbook belongs in every investor's library."-Deborah Weir, Parker Global Strategies, author of Timing the Market: How to Profit in the Stock Market Using the Yield Curve, Technical Analysis, and Cultural Indicators In today's volatile market, investors are looking for new ways to lower their risk profile. For author Matthew Tuttle, the best  4aHarvard University -- Endowments. 4aInstitutional investments -- United States. 4aInstitutional investments. 4aInvestments -- United States. 4aInvestments. 4aPortfolio management -- United States. 4aPortfolio management. 4aYale University -- Endowments. aHow Harvard and Yale Beat the Market : What Individual Investors Can Learn From the Investment Strategies of the Most Successful University Endowments.(E-Book) 0aElectronic books. 2ddccBK c193174d193174 00102ddc40708NFICaMCSbMCSd2016-12-12l0o332.60973 TUTpMCSEB-2886r2016-12-08w2016-12-12yBK